000 00402nam a22001697a 4500
003 CEME
005 20210628205445.0
008 210308b xxu||||| |||| 00| 0 eng d
020 _a969-8133
040 _c.
082 _a004.675491 AHS'I
100 _aAhsan Abdullah
_960051
245 _aInternet guide for pakistan
260 _aRAWALPINDI
_bST PRESS
_c1998
300 _a310P
942 _cBK
_2ddc
999 _c581043
_d581043